书目信息 |
| 题名: |
中华考古·世界考古大全集
|
|
| 作者: | 王屏 编 | |
| 分册: | ||
| 出版信息: | 北京 高等教育出版社 2010.10 |
|
| 页数: | 387页 | |
| 开本: | 29cm | |
| 丛书名: | 国民人文素养大全集 | |
| 单 册: | ||
| 中图分类: | K87 | |
| 科图分类: | ||
| 主题词: | 考古发现--kao gu fa xian--世界 , 考古发现--kao gu fa xian--中国 | |
| 电子资源: | ||
| ISBN: | 978-7-04-031125-9 | |
| 000 | 01230nam 2200289 450 | |
| 001 | B20110005796 | |
| 005 | 20110714162916.56 | |
| 010 | @a978-7-04-031125-9@dCNY29.60 | |
| 100 | @a20110121d2010 km y0chiy50 ea | |
| 101 | 0 | @achi |
| 102 | @aCN@b110000 | |
| 105 | @aa z 000yy | |
| 106 | @ar | |
| 200 | 1 | @a中华考古·世界考古大全集@Azhong hua kao gu shi jie kao gu da quan ji@f王屏编 |
| 210 | @a北京@c高等教育出版社@d2010.10 | |
| 215 | @a387页@c图@d29cm | |
| 225 | 2 | @a国民人文素养大全集@Aguo min ren wen su yang da quan ji |
| 330 | @a本书着重选取了中外考古史上的一些重大考古发现,通过较大容量的篇幅、流畅细致的文字,详细地讲述了它们的发掘过程、惊人收获、文明成果及历史轨迹,以此勾勒出古文明的概貌。对一些存在争议的问题,我们尽量列出多种观点,希望能够引起读者继续探究的兴趣。我们还在最大限度上摒弃了考古报告的沉闷繁琐,以科学严谨又不失轻松活泼的语言展示那些鲜为人知的真相,驱散笼罩在这些失落文明上的迷雾,让读者循着考古学家的足迹去探险。 | |
| 333 | @a女性读者 | |
| 410 | 0 | @12001 @a国民人文素养大全集 |
| 586 | @a | |
| 606 | 0 | @a考古发现@Akao gu fa xian@y世界 |
| 606 | 0 | @a考古发现@Akao gu fa xian@y中国 |
| 690 | @aK87@v5 | |
| 701 | 0 | @a王屏@Awang ping@4编 |
| 801 | 0 | @aCN@c20110610 |
| 905 | @dK87@eW302@f3 | |
| 中华考古·世界考古大全集/王屏编.-北京:高等教育出版社,2010.10 |
| 387页:图;29cm.-(国民人文素养大全集) |
| 使用对象:女性读者 |
| ISBN 978-7-04-031125-9:CNY29.60 |
| 本书着重选取了中外考古史上的一些重大考古发现,通过较大容量的篇幅、流畅细致的文字,详细地讲述了它们的发掘过程、惊人收获、文明成果及历史轨迹,以此勾勒出古文明的概貌。对一些存在争议的问题,我们尽量列出多种观点,希望能够引起读者继续探究的兴趣。我们还在最大限度上摒弃了考古报告的沉闷繁琐,以科学严谨又不失轻松活泼的语言展示那些鲜为人知的真相,驱散笼罩在这些失落文明上的迷雾,让读者循着考古学家的足迹去探险。 |
| ● |
| 相关链接 |
|
|
|
正题名:中华考古·世界考古大全集
索取号:K87/W302
 
预约/预借
| 序号 | 登录号 | 条形码 | 馆藏地/架位号 | 状态 | 备注 |
| 1 | 883995 | 208839952 | 社科库309/309社科库 7排2列4层/ [索取号:K87/W302] | 在馆 | |
| 2 | 883996 | 208839961 | 社科库309/309社科库 7排2列4层/ [索取号:K87/W302] | 在馆 | |
| 3 | 883997 | 208839970 | 社科库309/309社科库 7排2列4层/ [索取号:K87/W302] | 在馆 |